LEADER 01473cam0-22005291i-450- 001 990002842190403321 005 20161103081946.0 010 $a88-15-03621-0 035 $a000284219 035 $aFED01000284219 035 $a(Aleph)000284219FED01 035 $a000284219 100 $a20030910d1992----km-y0itay50------ba 101 0 $aita 102 $aIT 105 $ay-------001yy 200 1 $aRapporto 1992 sull'economia del Mezzogiorno$fSvimez, Associazione per lo sviluppo dell'industria nel Mezzogiorno 210 $aBologna$cIl Mulino$d1992 215 $a340 p.$d22 cm 225 1 $aCollana della Svimez 610 0 $aMezzogiorno$aGeografia Regionale 610 0 $aItalia meridionale$aEconomia 676 $a340 676 $a330.9457 676 $a043.003 710 02$aSvimez$0370492 801 0$aIT$bUNINA$gRICA$2UNIMARC 901 $aBK 912 $a990002842190403321 952 $aISVE O1-O2.61$fDECTS 952 $aN03.224.5$b4442$fDECTS 952 $a9-5-215-TI$b3046 DEA$fECA 952 $aXV Q 30$fDTE 952 $aU-112$b1363$fDDRC 952 $aCN. 21 (9$b3036 ist.$fDDCIC 952 $a043.003.SVI.03$b1239$fDECGE 952 $aXV Q 47$b1533$fDTE 952 $a01 PAPA 72 L$bCNRP 72L$fDINST 959 $aDECTS 959 $aECA 959 $aDTE 959 $aDDRC 959 $aDDCIC 959 $aDECGE 959 $aDINST 996 $aRapporto 1992 sull'economia del Mezzogiorno$966376 997 $aUNINA